Auditoría médica y epidemiología /

Na minha lista:
Detalhes bibliográficos
Autor principal: Álvarez Heredia, Francisco
Outros Autores: Álvarez Heredia, Aurelia (autor.)
Formato: livro eletrônico
Idioma:espanhol
Publicado em: Bogotá : Ecoe Ediciones, 2009.
Edição:2a. edición.
coleção:Ciencias de la salud. Administración en salud.
Assuntos:
Acesso em linha:https://elibro.unach.elogim.com/es/lc/unach/titulos/126559
Tags: Adicionar Tag
Sem tags, seja o primeiro a adicionar uma tag!

MARC

LEADER 00000nam a2200000 i 4500
001 ELB126559
003 FINmELB
005 20200620110640.0
006 m o u
007 cr cn|||||||||
008 200620s2009 ck ob 000 0 spa d
020 |z 9789587716566 
020 |a 9789587716573  |q e-book 
035 |a (OCoLC)1161211064 
040 |a FINmELB  |b spa  |e rda  |c FINmELB 
050 1 4 |a RA399.A1  |b A473 2009 
080 |a 614.264 
082 0 4 |a 362.1  |2 23 
100 1 |a Álvarez Heredia, Francisco. 
245 1 0 |a Auditoría médica y epidemiología /  |c Francisco Álvarez Heredia, Aurelia Álvarez Heredia. 
250 |a 2a. edición. 
264 1 |a Bogotá :  |b Ecoe Ediciones,  |c 2009. 
300 |a 1 recurso en línea (244 páginas) 
336 |a texto  |b txt  |2 rdacontent/spa 
337 |a computadora  |b c  |2 rdamedia/spa 
338 |a recurso en línea  |b cr  |2 rdacarrier/spa 
490 1 |a Ciencias de la salud. Administración en salud 
504 |a Contiene bibliografía. 
588 |a Descripción basada en metadatos suministrados por el editor y otras fuentes. 
590 |a Recurso electrónico. Santa Fe, Arg.: elibro, 2019. Disponible vía World Wide Web. El acceso puede estar limitado para las bibliotecas afiliadas a elibro. 
650 0 |a Medical care  |x Evaluation. 
650 0 |a Health status indicators. 
650 4 |a Atención médica  |x Evaluación. 
650 4 |a Indicadores de salud. 
655 4 |a Libros electrónicos. 
700 1 |a Álvarez Heredia, Aurelia,  |e autor. 
797 2 |a elibro, Corp. 
830 0 |a Ciencias de la salud. Administración en salud. 
856 4 0 |u https://elibro.unach.elogim.com/es/lc/unach/titulos/126559 
950 |a eLibro Ecoe